000 00707nam a2200241Ia 4500
003 OSt
005 20220916110933.0
006 a|||||r|||| 00| 0
007 ta
008 220915b |||||||| |||| 00| 0 eng d
024 _a17997
037 _cTextbook
040 _beng
_aARTS
_cARTS
041 _aeng
082 _aO111,1L70:g, L01 (OD)
100 _aDurrant Geoffrey
245 0 _aWordsworth and the great system : A study of Wordsworth's poetic universe
260 _aLondon
_bCambridge University Press UK
300 _aviii,179p.
_ccm.
650 _aENGLISH LITERATURE
942 _hO111,1L70:g, L01 (OD)
_cTB
_2CC
999 _c101796
_d101796